000 00561nam a2200133Ia 4500
008 220216s9999 xx 000 0 und d
100 _aSreekumar B.
245 2 _aA case study on effluent treatment and biogas generation in rubber smallholdings
260 _bIn: Global competitiveness of Indian rubber plantation industry: Rubber Planters' Conference, India 2002. (Ed. C. Kuruvilla Jacob). Rubber Research Institute of India, Kottayam, India, pp. 271-274.
_c2003
650 _aBiogas
650 _aEffluent treatment
650 _aSmallholdings
942 _cBS
999 _c52927
_d52927